[Event "Regionalliga Mittelrhein 1213"]
[Site "Germany"]
[Date "2013.01.13"]
[Round "6.5"]
[White "Schenk, Uwe"]
[Black "Van Muenster, Kirsten"]
[Result "1/2-1/2"]
[WhiteElo "2016"]
[BlackElo "2106"]
[PlyCount "41"]
[EventDate "2012.09.09"]
[EventType "team"]
[EventRounds "11"]
[EventCountry "GER"]
[SourceTitle "EXT 2015"]
[Source "ChessBase"]
[SourceDate "2014.11.20"]
[SourceVersion "1"]
[SourceVersionDate "2014.11.20"]
[SourceQuality "1"]
[WhiteTeam "Godesberg III"]
[BlackTeam "Koeln Lasker"]
[WhiteTeamCountry "GER"]
[BlackTeamCountry "GER"]

1. d4 Nf6 2. c4 g6 3. g3 Bg7 4. Bg2 d5 5. cxd5 Nxd5 6. Nf3 Nb6 7. Nc3 Nc6 8. e3 e5 9. d5 e4 10. dxc6 Bxc3+ 11. Nd2 Bg7 12. Bxe4 Rb8 13. Qc2 0-0 14. 0-0 bxc6 15. Nb3 Nd5 16. a3 Rb6 17. Bg2 Ba6 18. Rd1 f5 19. Nc5 Bc8 20. Rb1 Qe7 21. Bd2 1/2-1/2

[Event "NRW Class2 1011"]
[Site "Germany"]
[Date "2011.03.13"]
[Round "8.4"]
[White "Huelsmann, Josef"]
[Black "Van Muenster, Kirsten"]
[Result "1/2-1/2"]
[WhiteElo "2213"]
[BlackElo "2170"]
[PlyCount "26"]
[EventDate "2010.09.26"]
[EventType "team-tourn"]
[EventRounds "9"]
[EventCountry "GER"]
[SourceTitle "EXT 2012"]
[Source "ChessBase"]
[SourceDate "2011.11.24"]
[SourceVersion "1"]
[SourceVersionDate "2011.11.24"]
[SourceQuality "1"]
[WhiteTeam "Monheim"]
[BlackTeam "Koeln Lasker"]
[WhiteTeamCountry "GER"]
[BlackTeamCountry "GER"]

1. d4 Nf6 2. c3 b6 3. Bg5 Bb7 4. Nd2 c5 5. e3 d6 6. Bxf6 gxf6 7. Ngf3 f5 8. Qc2 e6 9. Rd1 Nd7 10. dxc5 bxc5 11. Bb5 a6 12. Ba4 Qc7 13. e4 fxe4 1/2-1/2

[Event "NRW Class1 0910"]
[Site "Germany"]
[Date "2010.04.25"]
[Round "9.4"]
[White "Buendgen, Achim"]
[Black "Van Muenster, Kirsten"]
[Result "1/2-1/2"]
[WhiteElo "2155"]
[BlackElo "2186"]
[PlyCount "90"]
[EventDate "2009.09.20"]
[EventType "team-tourn"]
[EventRounds "9"]
[EventCountry "GER"]
[SourceTitle "EXT 2011"]
[Source "ChessBase"]
[SourceDate "2010.11.26"]
[SourceVersion "1"]
[SourceVersionDate "2010.11.26"]
[SourceQuality "1"]
[WhiteTeam "Rheine"]
[BlackTeam "Koeln Lasker"]
[WhiteTeamCountry "GER"]
[BlackTeamCountry "GER"]

1. d4 Nf6 2. Bg5 d5 3. Bxf6 exf6 4. e3 Bd6 5. c4 dxc4 6. Bxc4 0-0 7. Nc3 f5 8. Qf3 Nd7 9. Nge2 Nf6 10. Bd3 g6 11. h4 h5 12. 0-0-0 c6 13. Kb1 Rb8 14. Rc1 Re8 15. Nf4 Bd7 16. g3 b5 17. Rhd1 Qa5 18. Bc2 Kg7 19. Bb3 Qd8 20. Nd3 Ne4 21. Nxe4 Rxe4 22. Nc5 Bxc5 23. Rxc5 Re7 24. Qf4 Qe8 25. d5 cxd5 26. Bxd5 Rc8 27. Qd4+ Kg8 28. Rdc1 Rd8 29. Qf6 Be6 30. Bxe6 Rxe6 31. Qg5 Red6 32. Qf4 Rd1 33. a3 Rxc1+ 34. Rxc1 Rc8 35. Qd4 Rxc1+ 36. Kxc1 Qc6+ 37. Kd2 a6 38. Qc3 Qd5+ 39. Ke2 Qe6 40. Qd4 Qb3 41. Kf3 Qc2 42. Qf6 Qc4 43. Qd8+ Kh7 44. Qd4 Qc7 45. Qd5 Kg7 1/2-1/2

[Event "NRW Class2 0809"]
[Site "Germany"]
[Date "2008.11.30"]
[Round "4.4"]
[White "Grochtmann, Stephan"]
[Black "Van Muenster, Kirsten"]
[Result "0-1"]
[WhiteElo "2157"]
[BlackElo "2169"]
[PlyCount "58"]
[EventDate "2008.09.21"]
[EventType "team-tourn"]
[EventRounds "9"]
[EventCountry "GER"]
[SourceTitle "EXT 2010"]
[Source "ChessBase"]
[SourceDate "2010.11.25"]
[SourceVersion "1"]
[SourceVersionDate "2010.11.25"]
[SourceQuality "1"]
[WhiteTeam "Guetersloh"]
[BlackTeam "Koeln Lasker"]
[WhiteTeamCountry "GER"]
[BlackTeamCountry "GER"]

1. e4 Nf6 2. e5 Nd5 3. c4 Nb6 4. d4 d6 5. exd6 exd6 6. Nc3 Be7 7. Bd3 0-0 8. Nge2 Re8 9. Be3 Nc6 10. b3 Bg5 11. Bxg5 Qxg5 12. 0-0 Bf5 13. f4 Qg6 14. Bxf5 Qxf5 15. Qd2 d5 16. c5 Nc8 17. b4 N8e7 18. b5 Na5 19. Ng3 Qf6 20. f5 c6 21. Qf4 h6 22. h4 g6 23. Rad1 Nxf5 24. Qg4 Ne3 25. Rxf6 Nxg4 26. Rf3 h5 27. Rdf1 Re7 28. bxc6 bxc6 29. Nge2 Nc4 0-1

[Event "Cologne-ch 55th"]
[Site "Cologne"]
[Date "2008.02.27"]
[Round "4"]
[White "Van Muenster, Kirsten"]
[Black "Wieferig, Wolfgang"]
[Result "1-0"]
[WhiteElo "2143"]
[BlackElo "2249"]
[PlyCount "95"]
[EventDate "2008.01.29"]
[EventType "swiss"]
[EventRounds "7"]
[EventCountry "GER"]
[SourceTitle "EXT 2010"]
[Source "ChessBase"]
[SourceDate "2010.11.25"]
[SourceVersion "1"]
[SourceVersionDate "2010.11.25"]
[SourceQuality "1"]

1. c4 e5 2. g3 f5 3. Bg2 Nf6 4. d4 exd4 5. Qxd4 Nc6 6. Qe3+ Be7 7. Nc3 0-0 8. Nh3 Ng4 9. Qd2 Kh8 10. 0-0 d6 11. b3 Bf6 12. Nf4 Re8 13. Bb2 Be6 14. Nxe6 Rxe6 15. Nd5 Be5 16. Rae1 Nf6 17. Qc2 Bxb2 18. Qxb2 Ne5 19. Nf4 Re7 20. Qc2 c6 21. Qxf5 Qa5 22. Qc2 b5 23. cxb5 Qxb5 24. Rc1 d5 25. Rfd1 a5 26. Nd3 Nfd7 27. e3 Rc8 28. Nf4 Nb6 29. Bh3 Ned7 30. Bf1 Qb4 31. Nxd5 Nxd5 32. Rxd5 Ne5 33. Bg2 a4 34. bxa4 h6 35. Rd4 Qb8 36. Qc3 c5 37. a5 Qb5 38. Re4 Ng6 39. Rxe7 Nxe7 40. Bh3 Rd8 41. Bf1 Qa4 42. Qxc5 Rc8 43. Qxc8+ Nxc8 44. Rxc8+ Kh7 45. a6 h5 46. h4 Kg6 47. Rc7 Qa5 48. a7 1-0

[Event "Cologne-ch 55th"]
[Site "Cologne"]
[Date "2008.02.21"]
[Round "3"]
[White "Krug, Kevin"]
[Black "Van Muenster, Kirsten"]
[Result "1/2-1/2"]
[WhiteElo "2177"]
[BlackElo "2143"]
[PlyCount "36"]
[EventDate "2008.01.29"]
[EventType "swiss"]
[EventRounds "7"]
[EventCountry "GER"]
[SourceTitle "EXT 2010"]
[Source "ChessBase"]
[SourceDate "2010.11.25"]
[SourceVersion "1"]
[SourceVersionDate "2010.11.25"]
[SourceQuality "1"]

1. d4 Nf6 2. c4 g6 3. Nc3 d5 4. cxd5 Nxd5 5. e4 Nxc3 6. bxc3 c5 7. Nf3 Bg7 8. Rb1 0-0 9. Be2 b6 10. 0-0 Bb7 11. Qd3 e6 12. Bg5 Qd6 13. Rbd1 cxd4 14. cxd4 Rc8 15. Qe3 Nd7 16. h3 Qf8 17. Bb5 Nf6 18. Nd2 Qb4 1/2-1/2

[Event "Cologne-ch 55th"]
[Site "Cologne"]
[Date "2008.02.21"]
[Round "2"]
[White "Van Muenster, Kirsten"]
[Black "Stuch, Hans Ferdinand"]
[Result "1-0"]
[WhiteElo "2143"]
[BlackElo "2009"]
[PlyCount "57"]
[EventDate "2008.01.29"]
[EventType "swiss"]
[EventRounds "7"]
[EventCountry "GER"]
[SourceTitle "EXT 2010"]
[Source "ChessBase"]
[SourceDate "2010.11.25"]
[SourceVersion "1"]
[SourceVersionDate "2010.11.25"]
[SourceQuality "1"]

1. c4 c6 2. g3 d5 3. Bg2 Nf6 4. Nf3 g6 5. b3 Bg7 6. Bb2 dxc4 7. bxc4 Qb6 8. Qb3 Bf5 9. d3 Nbd7 10. 0-0 0-0 11. Nbd2 Qc7 12. Nd4 Bg4 13. h3 Bh5 14. Rab1 e5 15. N4f3 Bxf3 16. Nxf3 Nc5 17. Bxe5 Qa5 18. Qb4 Qxa2 19. Rb2 Qa6 20. Qxc5 Nd7 21. Qd4 Nxe5 22. Nxe5 Rad8 23. Qc3 Rfe8 24. f4 b5 25. cxb5 cxb5 26. Qb3 Qb6+ 27. Kh2 Qc7 28. Rc2 Qb6 29. Nxf7 1-0

[Event "Cologne-ch 54th"]
[Site "Cologne"]
[Date "2007.03.14"]
[Round "3"]
[White "Van Muenster, Kirsten"]
[Black "Mladenov, Svetlin"]
[Result "0-1"]
[WhiteElo "2148"]
[BlackElo "2308"]
[PlyCount "102"]
[EventDate "2007.02.06"]
[EventType "swiss"]
[EventRounds "7"]
[EventCountry "GER"]
[SourceTitle "EXT 2010"]
[Source "ChessBase"]
[SourceDate "2010.11.25"]
[SourceVersion "1"]
[SourceVersionDate "2010.11.25"]
[SourceQuality "1"]

1. c4 Nf6 2. g3 g6 3. Bg2 Bg7 4. Nc3 0-0 5. d3 d6 6. Bg5 h6 7. Bd2 e5 8. e4 c6 9. Nge2 Bg4 10. h3 Be6 11. 0-0 Qd7 12. Kh2 d5 13. exd5 cxd5 14. Qb3 Rd8 15. f4 Nc6 16. fxe5 Nxe5 17. Bf4 Nxd3 18. Nxd5 Bxd5 19. cxd5 Nxf4 20. Nxf4 h5 21. h4 Rab8 22. Rad1 Qd6 23. Kh1 Re8 24. Rde1 Rxe1 25. Rxe1 Ng4 26. Qa4 Be5 27. Bf3 b5 28. Qxa7 Bxf4 29. gxf4 Qxf4 30. Bxg4 hxg4 31. Qe3 Qf6 32. Qg3 Rd8 33. Rd1 Qxb2 34. Qxg4 Qxa2 35. d6 Qa8+ 36. Kh2 Qc6 37. d7 b4 38. Qxb4 Rxd7 39. Rxd7 Qxd7 40. Qf4 Kg7 41. Qe5+ Kh7 42. Qf4 Qe6 43. Qg5 Kg7 44. Qf4 Qf6 45. Qg3 Qf5 46. Qc3+ Kh7 47. Qg3 Kh6 48. Qe3+ Kh5 49. Qe7 Kg4 50. Kg2 Qf3+ 51. Kg1 Kh3 0-1

[Event "GER-chT Federal Cup (Women)"]
[Site "Germany"]
[Date "2007.??.??"]
[Round "4"]
[White "Van Muenster, Kirsten"]
[Black "Lange, Corinna"]
[Result "1/2-1/2"]
[WhiteElo "2145"]
[BlackElo "2090"]
[PlyCount "35"]
[EventDate "2007.06.??"]
[EventType "team-swiss"]
[EventRounds "5"]
[EventCountry "GER"]
[SourceTitle "EXT 2008"]
[Source "ChessBase"]
[SourceDate "2007.11.25"]
[SourceVersion "1"]
[SourceVersionDate "2007.11.25"]
[SourceQuality "1"]
[WhiteTeam "NRW"]
[BlackTeam "Thueringen"]
[WhiteTeamCountry "GER"]
[BlackTeamCountry "GER"]

1. c4 e6 2. g3 f5 3. Nf3 b6 4. Bg2 Bb7 5. Nc3 Nf6 6. 0-0 Bb4 7. Qc2 Bxc3 8. Qxc3 0-0 9. d3 Qe8 10. b3 d6 11. Bb2 Nbd7 12. b4 c5 13. Ba3 Rc8 14. Qd2 Qh5 15. Qf4 e5 16. Qh4 Bxf3 17. Bxf3 Qxh4 18. gxh4 1/2-1/2

[Event "GER-chT Federal Cup (Women)"]
[Site "Braunfels"]
[Date "2006.05.06"]
[Round "4"]
[White "Van Muenster, Kirsten"]
[Black "Erbs, Susan"]
[Result "1-0"]
[WhiteElo "2128"]
[BlackElo "2062"]
[PlyCount "97"]
[EventDate "2006.05.04"]
[EventType "team-swiss"]
[EventRounds "5"]
[EventCountry "GER"]
[SourceTitle "EXT 2010"]
[Source "ChessBase"]
[SourceDate "2010.11.25"]
[SourceVersion "1"]
[SourceVersionDate "2010.11.25"]
[SourceQuality "1"]

1. c4 d6 2. g3 g6 3. Bg2 Bg7 4. Nc3 c5 5. a3 Nc6 6. Rb1 e6 7. d3 Nge7 8. Bg5 a6 9. Qc1 Rb8 10. b4 h6 11. Bf4 e5 12. Bd2 Qc7 13. Nf3 h5 14. 0-0 0-0 15. Ne1 Bd7 16. Nc2 Nd4 17. Ne3 Be6 18. Qd1 Rfc8 19. Ncd5 Nxd5 20. Nxd5 Bxd5 21. Bxd5 b6 22. f4 Rf8 23. e3 Nf5 24. Be4 Ne7 25. f5 Bh6 26. Qe2 d5 27. cxd5 Qd6 28. fxg6 fxg6 29. Qg2 g5 30. Qh3 Nxd5 31. Qxh5 Nf6 32. Qg6+ Bg7 33. Bf5 e4 34. Bxe4 Nxe4 35. Qxe4 Rbd8 36. Rxf8+ Bxf8 37. Rf1 Bg7 38. Qc4+ Qd5 39. Qxa6 Qxd3 40. Qxd3 Rxd3 41. Bc1 cxb4 42. axb4 Rb3 43. Bd2 Rb2 44. Rf2 Bf8 45. Bc3 Rb1+ 46. Rf1 Rb3 47. Bd4 Rxb4 48. Rf6 b5 49. Rxf8+ 1-0

[Event "GER-chT Federal Cup (Women)"]
[Site "Braunfels"]
[Date "2006.05.05"]
[Round "3"]
[White "Barpiyeva, Gulsana"]
[Black "Van Muenster, Kirsten"]
[Result "1/2-1/2"]
[WhiteElo "2110"]
[BlackElo "2128"]
[PlyCount "57"]
[EventDate "2006.05.04"]
[EventType "team-swiss"]
[EventRounds "5"]
[EventCountry "GER"]
[SourceTitle "EXT 2010"]
[Source "ChessBase"]
[SourceDate "2010.11.25"]
[SourceVersion "1"]
[SourceVersionDate "2010.11.25"]
[SourceQuality "1"]

1. c4 e5 2. Nc3 Nc6 3. g3 g6 4. Bg2 Bg7 5. e3 d6 6. Nge2 Be6 7. d3 Qd7 8. Nd5 Nd8 9. 0-0 c6 10. Ndc3 Bh3 11. Bxh3 Qxh3 12. Ne4 Nf6 13. Nxf6+ Bxf6 14. Nc3 Ne6 15. Qf3 Be7 16. b4 f5 17. b5 Rc8 18. bxc6 bxc6 19. Rb1 0-0 20. Rb7 Bf6 21. e4 f4 22. Rxa7 Nd4 23. Qg2 Qe6 24. f3 Bd8 25. Rb7 Ra8 26. g4 Qc8 27. Rb1 Qa6 28. Bb2 Ba5 29. Rfc1 1/2-1/2

[Event "GER-chT Federal Cup (Women)"]
[Site "Braunfels"]
[Date "2006.05.04"]
[Round "1"]
[White "Neldner, Uta"]
[Black "Van Muenster, Kirsten"]
[Result "1/2-1/2"]
[WhiteElo "1765"]
[BlackElo "2128"]
[PlyCount "116"]
[EventDate "2006.05.04"]
[EventType "team-swiss"]
[EventRounds "5"]
[EventCountry "GER"]
[SourceTitle "EXT 2010"]
[Source "ChessBase"]
[SourceDate "2010.11.25"]
[SourceVersion "1"]
[SourceVersionDate "2010.11.25"]
[SourceQuality "1"]

1. d4 Nf6 2. e3 b6 3. Nf3 Bb7 4. Bd3 d6 5. 0-0 Nbd7 6. Re1 g6 7. c3 Bg7 8. e4 e5 9. Nbd2 0-0 10. Nf1 Re8 11. Ng3 Re7 12. Bd2 Qe8 13. Qc2 Rc8 14. Rad1 Rd8 15. h4 Nf8 16. d5 c6 17. c4 Rc7 18. Qb3 N8d7 19. Qa3 Nc5 20. Rc1 Bc8 21. b4 Nxd3 22. Qxd3 Bg4 23. Nh2 Bd7 24. Qf3 Qe7 25. h5 h6 26. Qd1 Rdc8 27. Qe2 Kh7 28. hxg6+ fxg6 29. Nhf1 Rf8 30. Ne3 h5 31. b5 cxb5 32. cxb5 Rxc1 33. Rxc1 h4 34. Ngf1 Nxe4 35. Be1 Nc5 36. Nh2 e4 37. Rc2 Qg5 38. Bd2 Qe7 39. Be1 Qd8 40. Nd1 Nd3 41. a4 Nc5 42. Rc4 Qe8 43. Nc3 Bf5 44. Nd1 Qf7 45. Ne3 Bc8 46. f3 Re8 47. fxe4 Nxe4 48. Nf3 Bh6 49. Bxh4 Kg7 50. Ng4 Bxg4 51. Rxe4 Rxe4 52. Qxe4 Bf5 53. Qc4 Qe8 54. Qc7+ Qd7 55. Qb8 Kh7 56. Bg5 Bg7 57. Bf4 Bf6 58. Bg5 Be4 1/2-1/2

[Event "Cologne-ch"]
[Site "Cologne"]
[Date "2006.03.18"]
[Round "5"]
[White "Van Muenster, Kirsten"]
[Black "Kolkin, Michail"]
[Result "0-1"]
[WhiteElo "2128"]
[BlackElo "2064"]
[PlyCount "88"]
[EventDate "2006.02.27"]
[EventType "swiss"]
[EventRounds "7"]
[EventCountry "GER"]
[SourceTitle "EXT 2007"]
[Source "ChessBase"]
[SourceDate "2006.11.23"]
[SourceVersion "1"]
[SourceVersionDate "2006.11.23"]
[SourceQuality "1"]

1. c4 c5 2. g3 Nc6 3. Bg2 g6 4. Nc3 Bg7 5. a3 Nf6 6. Rb1 a5 7. Nh3 0-0 8. Nf4 b6 9. 0-0 Bb7 10. d3 Ne8 11. Bd2 Nc7 12. Ncd5 Nxd5 13. Nxd5 e6 14. Nc3 Rb8 15. Bf4 Ne5 16. Bxb7 Rxb7 17. Qd2 d5 18. cxd5 exd5 19. Bh6 d4 20. Bxg7 Kxg7 21. Nd1 Nc6 22. e4 dxe3 23. fxe3 f5 24. Qc3+ Qf6 25. Nf2 Re7 26. Qxf6+ Rxf6 27. e4 Ne5 28. Rfd1 Rd7 29. b4 cxb4 30. axb4 a4 31. b5 Rfd6 32. exf5 gxf5 33. Ra1 Rd4 34. Ra3 Rb4 35. Rda1 Rdd4 36. Kf1 Nd7 37. Nh3 Nc5 38. Nf4 Rxb5 39. Re1 Kf6 40. Re8 Rb3 41. Ra2 a3 42. Rae2 Rb1+ 43. Kg2 Rb2 44. Ra8 Rxf4 0-1

[Event "Cologne-ch"]
[Site "Cologne"]
[Date "2006.03.04"]
[Round "3"]
[White "Morawietz, Dieter"]
[Black "Van Muenster, Kirsten"]
[Result "1-0"]
[WhiteElo "2424"]
[BlackElo "2128"]
[PlyCount "55"]
[EventDate "2006.02.27"]
[EventType "swiss"]
[EventRounds "7"]
[EventCountry "GER"]
[SourceTitle "EXT 2007"]
[Source "ChessBase"]
[SourceDate "2006.11.23"]
[SourceVersion "1"]
[SourceVersionDate "2006.11.23"]
[SourceQuality "1"]

1. c4 g6 2. Nc3 Nf6 3. e4 e5 4. f4 d6 5. Be2 Nc6 6. d3 Bg7 7. Nf3 Nh5 8. g3 exf4 9. gxf4 Bg4 10. Nd5 Bxf3 11. Bxf3 Qh4+ 12. Kf1 Rc8 13. Be3 Nd4 14. Bf2 Qh3+ 15. Bg2 Qd7 16. f5 c6 17. Ne3 Nf4 18. Bg3 Nxg2 19. Kxg2 h5 20. Rf1 Bh6 21. Nc2 Nxc2 22. Qxc2 g5 23. Qc3 Rg8 24. e5 h4 25. e6 Qc7 26. Qf6 hxg3 27. Rae1 Kf8 28. Qxh6+ 1-0

[Event "Cologne-ch"]
[Site "Cologne"]
[Date "2005.09.06"]
[Round "2.5"]
[White "Khanukov, Boris"]
[Black "Van Muenster, Kirsten"]
[Result "1/2-1/2"]
[WhiteElo "2390"]
[BlackElo "2115"]
[PlyCount "59"]
[EventDate "2005.08.29"]
[EventType "swiss"]
[EventRounds "7"]
[EventCountry "GER"]
[SourceTitle "EXT 2006"]
[Source "ChessBase"]
[SourceDate "2005.11.24"]
[SourceVersion "1"]
[SourceVersionDate "2005.11.24"]
[SourceQuality "1"]

1. Nf3 Nf6 2. g3 g6 3. Bg2 Bg7 4. 0-0 0-0 5. c4 d5 6. cxd5 Nxd5 7. Nc3 Nb6 8. d4 Nc6 9. e3 Bf5 10. d5 Na5 11. e4 Bxc3 12. exf5 Bg7 13. fxg6 hxg6 14. Ng5 c6 15. dxc6 Qxd1 16. Rxd1 Nxc6 17. Rb1 Rfd8 18. Rxd8+ Rxd8 19. Bf4 Na4 20. Re1 e6 21. b3 Nc3 22. Bxc6 bxc6 23. a4 Rd3 24. Be3 a6 25. Kg2 Nd5 26. Rc1 Bh6 27. h4 Nxe3+ 28. fxe3 Bxg5 29. hxg5 Rxb3 30. Rxc6 1/2-1/2

[Event "Vlissingen HZ op 07th"]
[Site "Vlissingen"]
[Date "2003.08.06"]
[Round "6"]
[White "Van Muenster, Kirsten"]
[Black "Meenakshi, Subbaraman"]
[Result "0-1"]
[WhiteElo "2112"]
[BlackElo "2319"]
[PlyCount "126"]
[EventDate "2003.08.02"]
[EventType "swiss"]
[EventRounds "9"]
[EventCountry "NED"]
[SourceTitle "CBM 095 Extra"]
[Source "ChessBase"]
[SourceDate "2003.09.04"]
[SourceVersion "1"]
[SourceVersionDate "2003.09.04"]
[SourceQuality "1"]

1. e4 c5 2. Nc3 Nc6 3. g3 g6 4. Bg2 Bg7 5. d3 d6 6. Be3 Nf6 7. h3 e5 8. Qd2 Nd4 9. Nd1 0-0 10. c3 Nc6 11. Ne2 Be6 12. 0-0 Qd7 13. Kh2 c4 14. d4 d5 15. exd5 Bxd5 16. dxe5 Nxe5 17. Nf4 Nf3+ 18. Bxf3 Bxf3 19. Qxd7 Nxd7 20. Bd4 Rfd8 21. Bxg7 Kxg7 22. g4 Nf6 23. Kg3 Bc6 24. f3 Rd2 25. Ne3 Rxb2 26. Nxc4 Rc2 27. Rfc1 Rxc1 28. Rxc1 Rd8 29. g5 Ne8 30. Re1 Nd6 31. Nxd6 Rxd6 32. Re7 Bd7 33. Re3 Kf8 34. Rd3 Rxd3 35. Nxd3 Ke7 36. Nc5 Bc6 37. Kf4 Kd6 38. Nd3 Bd5 39. a3 Be6 40. h4 Kd5 41. Nb2 b5 42. Ke3 Bf5 43. Kf4 Bb1 44. Ke3 Ke5 45. c4 bxc4 46. Nxc4+ Kd5 47. Nb2 a5 48. Kd2 Kd4 49. Kc1 Bd3 50. Kd2 Bf5 51. Nd1 Kc4 52. Ne3+ Kb3 53. Nxf5 gxf5 54. f4 Kc4 55. Ke3 a4 56. h5 Kc3 57. Ke2 Kd4 58. Kf3 Kd3 59. Kf2 Ke4 60. Kg3 Ke3 61. g6 fxg6 62. h6 Ke4 63. Kh4 Kxf4 0-1

[Event "BL2 West 0203 (Women)"]
[Site "Germany"]
[Date "2003.??.??"]
[Round "5"]
[White "Van Muenster, Kirsten"]
[Black "Schmidt, Andrea"]
[Result "1-0"]
[WhiteElo "2107"]
[BlackElo "2088"]
[PlyCount "50"]
[EventDate "2002.10.??"]
[EventType "team-tourn"]
[EventRounds "7"]
[EventCountry "GER"]
[SourceTitle "EXT 2006"]
[Source "ChessBase"]
[SourceDate "2005.11.24"]
[SourceVersion "1"]
[SourceVersionDate "2005.11.24"]
[SourceQuality "1"]

1. e4 e6 2. d3 d5 3. Nd2 Bd7 4. Ngf3 c5 5. c3 Bc6 6. Ne5 Nf6 7. Nxc6 Nxc6 8. Qe2 Be7 9. g3 Rc8 10. Bg2 0-0 11. 0-0 b5 12. e5 Nd7 13. Nf3 Qc7 14. Re1 a5 15. Bf4 a4 16. a3 Na5 17. h4 Nb3 18. Rad1 Rfd8 19. Ng5 h6 20. Nh3 b4 21. Qg4 Kh7 22. Qh5 Kg8 23. Bxd5 Nf8 24. Be4 f5 25. exf6 Bxf6 1-0

[Event "BL2 Sued 0102 (Women)"]
[Site "Germany"]
[Date "2002.03.03"]
[Round "7.3"]
[White "Van Muenster, Kirsten"]
[Black "Hellmuth, Sonja"]
[Result "1/2-1/2"]
[WhiteElo "2108"]
[BlackElo "1854"]
[PlyCount "39"]
[EventDate "2001.10.27"]
[EventType "team-tourn"]
[EventRounds "7"]
[EventCountry "GER"]
[SourceTitle "EXT 2003"]
[Source "ChessBase"]
[SourceDate "2002.11.25"]
[SourceVersion "1"]
[SourceVersionDate "2002.11.25"]
[SourceQuality "1"]
[WhiteTeam "Eikamp"]
[BlackTeam "Stuttgart Wolfbusch"]
[WhiteTeamCountry "GER"]
[BlackTeamCountry "GER"]

1. e4 e5 2. Nf3 Nc6 3. Bb5 a6 4. Ba4 Nf6 5. d3 b5 6. Bb3 Be7 7. c3 0-0 8. 0-0 d6 9. Re1 h6 10. Nbd2 Re8 11. Nf1 Bf8 12. Ng3 Na5 13. Bc2 c5 14. Qe2 Nc6 15. Bd2 g6 16. h3 Bg7 17. Nh2 Kh7 18. Rf1 Be6 19. f4 exf4 20. Bxf4 1/2-1/2